South Eastern Kenya University

Library Online Public Access Catalogue


1L edge program - day 1 : (Record no. 8897)

MARC details
000 -LEADER
fixed length control field 00349nam a22001217a 4500
050 ## - LIBRARY OF CONGRESS CALL NUMBER
Classification number KF386
Item number .K42 2011
100 ## - MAIN ENTRY--PERSONAL NAME
Personal name Kaplan Bar Review
245 ## - TITLE STATEMENT
Title 1L edge program - day 1 :
Remainder of title head start workshop /
Statement of responsibility, etc. Kaplan Bar Review
300 ## - PHYSICAL DESCRIPTION
Extent iii, 187 p. :
500 ## - GENERAL NOTE
General note Includes index.
650 ## - SUBJECT ADDED ENTRY--TOPICAL TERM
General subdivision Bar examinations ;
-- Law ;
-- United States.
942 ## - ADDED ENTRY ELEMENTS (KOHA)
Source of classification or shelving scheme Library of Congress Classification
Koha item type General circulation
Holdings
Withdrawn status Lost status Source of classification or shelving scheme Damaged status Not for loan Home library Current library Shelving location Date acquired Source of acquisition Total Checkouts Full call number Barcode Date last seen Price effective from Koha item type Public note
    Library of Congress Classification     Main Campus Library Main Campus Library General Stacks 14/09/2015 Donation - Books for Africa   KF 386 .K42 2015/007806 14/09/2015 14/09/2015 General circulation Nzk
Kitui, Kenya.
+254736116989
library@seku.ac.ke